Normal view MARC view

Entry Topical Term

Number of records used in: 1

001 - CONTROL NUMBER

  • control field: 26899

003 - CONTROL NUMBER IDENTIFIER

  • control field: OSt

005 - DATE AND TIME OF LATEST TRANSACTION

  • control field: 20210817110529.0

008 - FIXED-LENGTH DATA ELEMENTS

  • fixed length control field: 210817|| aca||aabn | a|a d

040 ## - CATALOGING SOURCE

  • Original cataloging agency: OSt
  • Transcribing agency: OSt

150 ## - HEADING--TOPICAL TERM

  • Topical term or geographic name entry element: Decentralisation, Tax autonomy, Local public spending, Local investment

670 ## - SOURCE DATA FOUND

  • Source citation: Work cat.: (OSt): Gorzelak, J.S. Bukowska, G. and Wojcik, P. 26898, The impact of revenue autonomy on the composition of local public spending: Evidence from Poland

Powered by Koha